| 000 | 00490nam a22001697a 4500 | ||
|---|---|---|---|
| 003 | SISC | ||
| 005 | 20191122101216.0 | ||
| 008 | 181009b xxu||||| |||| 00| 0 eng d | ||
| 020 | _a9719174951 | ||
| 050 |
_aBV 4515.2 _b.K82 2001 |
||
| 100 |
_4Kong, Francis J. _91 |
||
| 245 |
_aOne day at a time : _bnever a dull moment : a daily dose of inspiration for the man at work / _cFrancis J. Kong |
||
| 260 |
_aPhilippines _c2001. |
||
| 300 | _a279 pages | ||
| 440 | _vvol. 2 | ||
| 942 |
_2lcc _cBK |
||
| 999 |
_c359226 _d359226 |
||